Religion Quiz

Random Religion or Europe Quiz

Greek Mythology Venn Diagram Quiz Stats

 Plays Quiz Updated Dec 16, 2017

Challenge
Share
Tweet
Score 0/8 Timer 03:00
6 Plays Today
% Correct
Ares
77.6%
Apollo
76.1%
Poseidon
75.5%
Hera
72.3%
Athena
68.9%
Aphrodite
68.6%
Cronus
68.4%
Demeter
64.9%

You're not logged in!

Compare scores with friends on all Sporcle quizzes.
OR
Log In

You Might Also Like...

Show Comments

Extras

Top Quizzes Today


Score Distribution

Your Account Isn't Verified!

In order to create a playlist on Sporcle, you need to verify the email address you used during registration. Go to your Sporcle Settings to finish the process.

Report this User

Report this user for behavior that violates our Community Guidelines.

Details: